000 00691nam a2200241Ia 4500
003 OSt
005 20220926013556.0
006 a|||||r|||| 00| 0
007 ta
008 220923b |||||||| |||| 00| 0 eng d
037 _cGeneral Book
040 _aRTL
_cRTL
_beng
041 _2eng
_aeng
082 _aX:89P, L8
100 _aSkinner Wickham
_9270653
245 0 _aManufacturing in the corporate strategy
260 _aNew York
_bJohn Wiley
_c1978
300 _axii, 327p
_ccm.
490 _aManufacturing Mangement : A Wiley Series
650 _aWorking Environmental
_9236530
942 _hX:89P, L8
_cGB
_2CC
999 _c626310
_d626310